000 00715nam a2200229 a 4500
001 000018847
005 20200929165851.0
008 100519s1987 sp r 000 p spa d
020 _a8400065921
040 _aDO-SdBNP
_bspa
_cBNPHU
082 _a861.44
_bM722c
100 1 _aMoliner, Luis Carlos,
_d1949-
_940606
245 1 4 _aLos cuerpos en el límite /
_cLuis Moliner.
260 _aZaragoza :
_bInstitución Fernando el Católico,
_c1987.
300 _a64 p. ;
_c24 cm.
490 1 _aColección San Jorge ;
_vno.50
586 _aPremio Isabel de Portugal 1987
650 4 _aPoesía española
_9631
650 4 _aLiteratura española
_9632
830 0 _aColección San Jorge ;
_nno.50
_940607
049 _aBNGR
999 _c18367
_d18367